书目信息 |
| 题名: |
C语言和MATLAB程序设计在电力谐波电流检测方法仿真中的应用
|
|
| 作者: | 李自成 , 刘国海 著 | |
| 分册: | ||
| 出版信息: | 北京 科学出版社 2014 |
|
| 页数: | 292页 | |
| 开本: | 26cm | |
| 丛书名: | ||
| 单 册: | ||
| 中图分类: | TM1 | |
| 科图分类: | ||
| 主题词: | 电工--理论 | |
| 电子资源: | ||
| ISBN: | 978-7-03-041953-8 | |
| 000 | 00739nam0 2200205 450 | |
| 001 | 142404 | |
| 005 | 20141221115104.96 | |
| 010 | @a978-7-03-041953-8@dCNY 95.00 | |
| 100 | @a20141221d2014 km y0chiy0120 ea | |
| 101 | 0 | @achi |
| 102 | @aCN@b110000 | |
| 200 | 1 | @aC语言和MATLAB程序设计在电力谐波电流检测方法仿真中的应用@AC yu yan he MATLAB cheng xu she ji zai dian li xie bo dian liu jian ce fang fa fang zhen zhong de ying yong@f李自成,刘国海著@Fli zi cheng,liu guo hai zhu |
| 210 | @a北京@c科学出版社@d2014 | |
| 215 | @a292页@d26cm | |
| 606 | 0 | @a电工@x理论 |
| 690 | @aTM1@v4 | |
| 701 | 0 | @a李自成@Ali zi cheng@4著 |
| 701 | 0 | @a刘国海@Aliu guo hai@4著 |
| 801 | 0 | @aCN@b大连网信软件有限公司图书馆·11@c20141221 |
| 905 | @a241430@dTM1@eL340 | |
| C语言和MATLAB程序设计在电力谐波电流检测方法仿真中的应用/李自成,刘国海著.-北京:科学出版社,2014 |
| 292页;26cm |
| ISBN 978-7-03-041953-8:CNY 95.00 |
| ● |
| 相关链接 |
|
|
|
正题名:C语言和MATLAB程序设计在电力谐波电流检测
索取号:TM1/L340
 
预约/预借
| 序号 | 登录号 | 条形码 | 馆藏地/架位号 | 状态 | 备注 |
| 1 | 1134823 | 211348237 | 自科库301/301自科库 6排3列5层/ [索取号:TM1/L340] | 在馆 | |
| 2 | 1134824 | 211348246 | 自科库301/301自科库 6排3列5层/ [索取号:TM1/L340] | 在馆 | |
| 3 | 1134825 | 211348255 | 自科二线404/404自科库 17排3列1层/ [索取号:TM1/L340] | 在馆 |